LEADER 00983cam--2200349---450 001 990001150880203316 005 20230109082306.0 010 $a88-459-1236-1 035 $a000115088 035 $aUSA01000115088 035 $a(ALEPH)000115088USA01 035 $a000115088 100 $a20030604d1996----km-y0itay5003----ba 101 0 $aita 102 $aIT 105 $a||||||||001yy 200 1 $a<> notte$fGiorgio Manganelli$ga cura di Salvatore Silvano Nigro 210 $aMilano$cAdelphi$d1996 215 $a248 p.$d23 cm 225 2 $aBiblioteca Adelphi$v326 300 $aRacconti in parte già pubblicati 410 0$12001$aBiblioteca Adelphi 676 $a853.914 700 1$aMANGANELLI,$bGiorgio <1922-1990>$0153242 702 1$aNIGRO,$bSalvatore Silvano 801 0$aIT$bsalbc$gISBD 912 $a990001150880203316 951 $aXVII A.A. 3983$b187 DLAS$cXVII A.A.$d465817 959 $aBK 969 $aCAS 996 $aNotte$9567287 997 $aUNISA